Adminstrative traditon and reforms in Spain: Adaptation versus innovation (Record no. 94177)

000 -LEADER
fixed length control field 01172pab a2200181 454500
008 - FIXED-LENGTH DATA ELEMENTS--GENERAL INFORMATION
fixed length control field 180718b2011 xxu||||| |||| 00| 0 eng d
100 ## - MAIN ENTRY--PERSONAL NAME
Personal name Carlos, R. Alba
245 ## - TITLE STATEMENT
Title Adminstrative traditon and reforms in Spain: Adaptation versus innovation
260 ## - PUBLICATION, DISTRIBUTION, ETC.
Date of publication, distribution, etc. 2011
300 ## - PHYSICAL DESCRIPTION
Extent p.783-800.
520 ## - SUMMARY, ETC.
Summary, etc. The main purpose of this paper is understanding public administration formation and change in Spain. Its development before and since the years of Franco from 1939 to 1975, is noticeably path dependent in nature. As this paper will show, the foundations were laid before the Franco regime. Then came a period of political domination of the bureaucracy and the emergence of a key structural element of Spanish administration, the special corps. The paper covers the period of political transition, democratic consolidation, and the many processes of administrative reforms. These include the reforms of the Spanish civil service as well as the deep processes of reform. - Reproduced.
650 ## - SUBJECT ADDED ENTRY--TOPICAL TERM
Topical term or geographic name entry element Administrative reform - Spain
650 ## - SUBJECT ADDED ENTRY--TOPICAL TERM
Topical term or geographic name entry element Adminstrative reform
700 ## - ADDED ENTRY--PERSONAL NAME
Personal name Carmen, Navarro
773 ## - HOST ITEM ENTRY
Main entry heading Public Administration
908 ## - PUT COMMAND PARAMETER (RLIN)
Put command parameter N
909 ## -
-- 94177
Holdings
Withdrawn status Lost status Damaged status Not for loan Permanent Location Current Location Date acquired Serial Enumeration / chronology Barcode Date last seen Price effective from Koha item type
        Indian Institute of Public Administration Indian Institute of Public Administration 2018-07-19 Volume no: 89, Issue no: 3 AR94637 2018-07-19 2018-07-19 Articles

Powered by Koha